|
|
|
|
| LEADER |
00971cam a2200241 7i4500 |
| 001 |
0000005224 |
| 005 |
20170218090000.0 |
| 020 |
|
|
|a 0787958972 (pbk.)
|
| 090 |
0 |
0 |
|a HF5549.5.S38
|b R67 2002
|
| 100 |
1 |
|
|a Rosenberg, DeAnne
|
| 245 |
1 |
0 |
|a Hiring the best person for every job :
|b participant workbook
|c DeAnne Rosenberg.
|
| 260 |
|
|
|a San Francisco:
|b Jossey-Bass,
|c 2002.
|
| 300 |
|
|
|a xiii, 73 p.;
|c 28 cm..
|
| 501 |
|
|
|a With CD-ROM : Hiring the best person for every job : participant workbook / DeAnne Rosenberg
|
| 504 |
|
|
|a Includes bibliographical references
|
| 650 |
0 |
0 |
|a Employee selection
|
| 650 |
0 |
0 |
|a Employment interviewing
|
| 650 |
0 |
0 |
|a Employee selection --
|x Problems, exercises, etc
|
| 997 |
|
|
|a Business & Accountancy, Faculty
|
| 998 |
|
|
|a Business Management, Degree
|
| 998 |
|
|
|a Human Resource Management, Degree
|
| 999 |
|
|
|a 0000005792
|b BOK
|c OPEN SHELF
|e 1st Floor, Shah Alam
|
| 999 |
|
|
|a CDR0001272
|b CD-ROM
|c OPEN SHELF
|e Circulation Counter, Shah Alam
|